| 000 | 01140nam a2200277 4500 | ||
|---|---|---|---|
| 001 | 178782 | ||
| 003 | ES-MaACL | ||
| 005 | 20240129115652.0 | ||
| 008 | 110628s1999 sp afo |||| | spa d | ||
| 020 | _a84-923858-5-5 | ||
| 080 | _a821.134.2-3"19" | ||
| 100 | 1 |
_aAub, Max, _d1903-1972 _923783 |
|
| 245 | 1 | 0 |
_aManuscrito cuervo / _cMax Aub ; introducción, edición y notas de José Antonio Pérez Bowie ; con un epílogo de José María Naharro-Calderón. |
| 246 | 3 | 4 |
_aManuscrito cuervo _b: Historia de Jacobo |
| 260 |
_aSegorbe (Castellón) : _bFundación Max Aub ; _aAlcalá de Henares : _bUniversidad de Alcalá de Henares, _c[1999] |
||
| 300 |
_a262 p. : _bil. ; _c18 x 15 cm. |
||
| 490 | 1 |
_aBiblioteca Max Aub ; _v7 |
|
| 700 | 1 |
_aPérez Bowie, José Antonio. _990676 |
|
| 700 | 1 |
_aNaharro-Calderón, José María. _984860 |
|
| 710 | 2 |
_aFundación Max Aub. _94367 |
|
| 710 | 2 |
_aUniversidad de Alcalá de Henares. _97135 |
|
| 830 | 0 |
_aBiblioteca Max Aub ; _v7 _9191028 |
|
| 852 |
_aES-MaACL _jA-11306 _9185643 _bR.146708 _cDEPO1 _dOlim: N-4310 |
||
| 942 |
_2udc _cMONOGRAFIA |
||
| 999 |
_c178782 _d178782 |
||